|
|
|
|
| LEADER |
00000cam a2200000 7i4500 |
| 001 |
0000125713 |
| 005 |
20180214.0 |
| 008 |
180214s2012 my a 0 eng |
| 020 |
|
|
|a 9789834337247
|
| 040 |
|
|
|a PERPUSTAM
|b eng
|c PERPUSTAM
|e rda
|
| 090 |
0 |
0 |
|a 959.503
|b BAR
|
| 100 |
1 |
|
|a Barber, Andrew ,
|d 1959- ,
|e author
|
| 245 |
1 |
0 |
|a Kuala Lumpur at war 1939-1945 : a history of Kuala Lumpur and Selangor during World War Two /? Andrew Barber ; maps by Yong Aun
|
| 246 |
1 |
|
|a History of Kuala Lumpur and Selangor during World War Two
|
| 264 |
3 |
1 |
|a Kuala Lumpur, Malaysia Karamoja Press, 2012
|
| 300 |
|
|
|a 250 pages : illustrations, maps, portrait, facsimiles ; 25 cm
|
| 336 |
|
|
|a cartographic image
|2 rdacontent
|
| 336 |
|
|
|a still image, rdacontent
|
| 336 |
|
|
|a text, rdacontent
|
| 337 |
|
|
|a unmediated
|2 rdamedia
|
| 338 |
|
|
|a volume
|2 rdacarrier
|
| 500 |
|
|
|a Includes bibliographical references (pages 234-237) and index
|
| 650 |
1 |
0 |
|a Kuala Lumpur (Malaysia)
|x History
|
| 650 |
2 |
0 |
|a Malaysia
|x History
|x Japanese occupation
|y 1942-1945
|
| 650 |
2 |
0 |
|a Malaysia
|x History
|y 1937-1945
|
| 650 |
2 |
0 |
|a Selangor (Malaysia)
|x History
|
| 650 |
2 |
0 |
|a Selangor
|x History
|
| 700 |
0 |
|
|a Aun, Yong ,
|e cartographer
|
| 999 |
|
|
|a 0000473786
|b Buku
|c Rak Terbuka
|e Perbadanan Perpustakaan Awam Melaka
|